Fluid mechanics/ (Record no. 7306)

MARC details
000 -LEADER
fixed length control field 00839 a2200265 4500
005 - DATE AND TIME OF LATEST TRANSACTION
control field 20240124122817.0
008 - FIXED-LENGTH DATA ELEMENTS--GENERAL INFORMATION
fixed length control field 080925t xxu||||| |||| 00| 0 eng d
010 ## - LCCN (DPL NO)
LC control number ENG-87897 ENG-138981
020 ## - INTERNATIONAL STANDARD BOOK NUMBER
International Standard Book Number 0070648484
Terms of availability 450.00
020 ## - INTERNATIONAL STANDARD BOOK NUMBER
International Standard Book Number 9789355322043
Terms of availability 1050.00
035 ## - SYSTEM CONTROL NUMBER
System control number EN-71430
035 ## - SYSTEM CONTROL NUMBER
System control number EN-122513
037 ## - SOURCE OF ACQUISITION
Source of stock number/acquisition DBAD/PUB
082 ## - DEWEY DECIMAL CLASSIFICATION NUMBER
Classification number 620.106
100 ## - MAIN ENTRY--PERSONAL NAME
Personal name White, Frank M.
9 (RLIN) 61243
245 ## - TITLE STATEMENT
Title Fluid mechanics/
Statement of responsibility, etc By Frank M. White and Henry Xue
250 ## - EDITION STATEMENT
Edition statement 6th ed and 9th
260 ## - PUBLICATION, DISTRIBUTION, ETC. (IMPRINT)
Place of publication, distribution, etc Tamil Nadu
Name of publisher, distributor, etc McGraw-Hill Education
Date of publication, distribution, etc 2008
270 ## - ADDRESS
Address Anjana Complex No.:5/90 A, Butt Road, St Thomas Mount,Chennai
City Tamil Nadu
Postal code 600016
300 ## - PHYSICAL DESCRIPTION
Extent 866p.
Other physical details ill.
Dimensions 25cm(Pbk)
500 ## - GENERAL NOTE
General note Includes index
650 ## - SUBJECT ADDED ENTRY--TOPICAL TERM
Topical term or geographic name as entry element Fluid mechanics
9 (RLIN) 61244
700 ## - ADDED ENTRY--PERSONAL NAME
Personal name Xue, Henry
9 (RLIN) 61245
942 ## - ADDED ENTRY ELEMENTS (KOHA)
Item type English Books
Source of classification or shelving scheme Dewey Decimal Classification
Classification part 620.106
Call number suffix WHI
Holdings
Withdrawn status Lost status Source of classification or shelving scheme Damaged status Not for loan Collection code Home library Current library Date acquired Cost, normal purchase price Total Checkouts Full call number Barcode Date last seen Copy number Cost, replacement price Koha item type Source of acquisition
    Dewey Decimal Classification   Not For Loan Non-fiction D.B.Act.Division D.B.Act.Division 25/09/2008 450.00   620.106 WHI EN-71430 15/09/2008 1 450.00 English Books  
    Dewey Decimal Classification     Non-fiction Sarojini Nagar Sarojini Nagar 24/01/2024 1050.00   620.106 WHI EN-122513 24/01/2024 1 1050.00 English Books DBAD/PUB

© Delhi Public Library
Hit Counter
free hit counter